| 000 | 01297nam a2200253Ia 4500 | ||
|---|---|---|---|
| 999 |
_c38105 _d38105 |
||
| 001 | 4093 | ||
| 003 | GE_BSU | ||
| 005 | 20190924160601.0 | ||
| 008 | 181216s1966||||ge |||||||||||||| ||geo|| | ||
| 040 | _cGE_BSU | ||
| 041 | _ageo | ||
| 080 | _a394(479.22)+791(479.22) რ–97 | ||
| 100 |
_aრუხაძე, ჯულიეტა _94287 |
||
| 245 |
_aქართული ხალხური დღესასწაული : _bბერიკაობა-ყეენობა / _cრედ. დ. გრატიაშვილი ; ილ.: ლ. გუდიაშვილი და ზ. ფორჩხიძე |
||
| 264 |
_aთბ. : _bსაბჭ. საქართველო, _c1966. |
||
| 300 |
_a37 გვ. ; _b29 სმ. |
||
| 500 | _aტექსტი პარალ. ქართ., რუს. და ინგლ. ენებზე. | ||
| 653 | _aქართული ხალხური დღესასწაული | ||
| 653 | _aბერიკაობა-ყეენობა | ||
| 700 |
_aგრატიაშვილი, დ. _eრედაქტორი _94288 |
||
| 700 |
_aგუდიაშვილი, ლ. _eმხატვარი _93819 |
||
| 700 |
_aფორჩხიძე, ზ. _eმხატვარი _94289 |
||
| 942 |
_cBK _2udc |
||